कळस चढविला मंदिरी (Record no. 448169)

MARC details
000 -LEADER
fixed length control field 00508nam a2200145Ia 4500
008 - FIXED-LENGTH DATA ELEMENTS--GENERAL INFORMATION
fixed length control field 100204s9999 xx 000 0 und d
082 ## - DEWEY DECIMAL CLASSIFICATION NUMBER
Item number 3200
100 ## - MAIN ENTRY--PERSONAL NAME
Personal name बेलवलकर वासुदेव
245 ## - TITLE STATEMENT
Title कळस चढविला मंदिरी
260 ## - PUBLICATION, DISTRIBUTION, ETC. (IMPRINT)
Name of publisher, distributor, etc प्रमोद प्रकाशन पुणे
Date of publication, distribution, etc 1981
300 ## - PHYSICAL DESCRIPTION
Extent 527
630 ## - SUBJECT ADDED ENTRY--UNIFORM TITLE
Uniform title कळस चढविला मंदिरी
730 ## - ADDED ENTRY--UNIFORM TITLE
Uniform title कळस चढविला मंदिरी
942 ## - ADDED ENTRY ELEMENTS (KOHA)
Koha item type Book
Holdings
Withdrawn status Lost status Damaged status Not for loan Home library Current library Date acquired Cost, normal purchase price Total Checkouts Full call number Barcode Date last seen Cost, replacement price Price effective from Koha item type Public note
        N. C. Kelkar Sarvajanik Library, Mulund N. C. Kelkar Sarvajanik Library, Mulund 02/04/2010 70.00   3200 NCKMULUND-3200 02/04/2010 70.00 02/04/2010 Book 2)फाटके